[Event "XXIV Open"]
[Site "Cappelle La Grande FRA"]
[Date "2008.02.19"]
[Round "5"]
[White "Wirig, A."]
[Black "Gashimov, V."]
[Result "0-1"]
[WhiteElo "2479"]
[BlackElo "2665"]
[PlyCount "88"]
[EventDate "2008.02.16"]
[Source "www.chesslib.no"]
[SourceDate "2004.05.04"]

1. d4 Nf6 2. c4 e6 3. Nc3 c5 4. d5 exd5 5. cxd5 d6 6. e4 g6 7. f4 Bg7 8. e5 Nfd7 9. Ne4 dxe5 10. Nd6+ Ke7 11. Nxc8+ Qxc8 12. Nf3 e4 13. Ng5 h6 14. Nxe4 Re8 15. Be2 f5 16. Nc3 a6 17. O-O Kf8 18. Bf3 Nf6 19. a4 Nbd7 20. Qc2 Qc7 21. Bd2 c4 22. Kh1 Nc5 23. Ne2 Nce4 24. Bb4+ Kg8 25. d6 Nxd6 26. Bxd6 Qxd6 27. Qxc4+ Kh7 28. Bxb7 Ra7 29. Bf3 Ne4 30. Nc3 Nd2 31. Qc6 Qb8 32. Rfd1 Rc8 33. Qd5 Rd8 34. Rxd2 Rxd5 35. Nxd5 Rb7 36. Re1 Rxb2 37. Rxb2 Qxb2 38. h3 h5 39. Rf1 h4 40. Kh2 Qb3 41. a5 Qb5 42. Rc1 Qxa5 43. Rc7 Qa1 44. Ra7 Kh6 0-1

[Event "JU52"]
[Site "?"]
[Date "1997.??.??"]
[Round "11"]
[White "Ivanisevic Ivan"]
[Black "Kovacevic Aleksandar"]
[Result "1/2-1/2"]
[WhiteElo "2450"]
[BlackElo "2485"]
[PlyCount "81"]
[EventDate "1997.??.??"]
[Source "www.chesslib.no"]
[SourceDate "2004.05.04"]

1. d4 c5 2. d5 Nf6 3. c4 e6 4. Nc3 exd5 5. cxd5 d6 6. e4 g6 7. f4 Bg7 8. e5 Nfd7 9. Nb5 dxe5 10. Nd6+ Kf8 11. Nf3 h6 12. Be2 Qc7 13. Nxc8 Qxc8 14. fxe5 Nxe5 15. O-O Nbd7 16. Bf4 Nxf3+ 17. Bxf3 Bd4+ 18. Kh1 Kg7 19. d6 Ne5 20. Bxe5+ Bxe5 21. Qd5 Qe6 22. Rae1 Qxd5 23. Bxd5 Bf6 24. Re7 Rhf8 25. Rxb7 Rab8 26. Rxa7 Rxb2 27. d7 Rd2 28. d8=Q Bxd8 29. Bxf7 Kh8 30. h3 Bh4 31. Kg1 Bg3 32. Ra6 Bf2+ 33. Rxf2 Rxf2 34. Kxf2 Rxf7+ 35. Ke3 Kg7 36. a4 Rd7 37. a5 c4 38. Rd6 Rd8 39. Kd4 Ra8 40. a6 Kf7 41. Rf6+ 1/2-1/2

[Event "JUG-ch52"]
[Site "Niksic"]
[Date "1997.??.??"]
[Round "11"]
[White "Ivanisevic, Ivan"]
[Black "Kovacevic, Aleksandar"]
[Result "1/2-1/2"]
[WhiteElo "2450"]
[BlackElo "2485"]
[PlyCount "89"]
[EventDate "1997.??.??"]
[Source "www.chesslib.no"]
[SourceDate "2004.05.04"]

1. d4 c5 2. d5 Nf6 3. c4 e6 4. Nc3 exd5 5. cxd5 d6 6. e4 g6 7. f4 Bg7 8. e5 Nfd7 9. Nb5 dxe5 10. Nd6+ Kf8 11. Nf3 h6 12. Be2 Qc7 13. Nxc8 Qxc8 14. fxe5 Nxe5 15. O-O Nbd7 16. Bf4 Nxf3+ 17. Bxf3 Bd4+ 18. Kh1 Kg7 19. d6 Ne5 20. Bxe5+ Bxe5 21. Qd5 Qe6 22. Rae1 Qxd5 23. Bxd5 Bf6 24. Re7 Rhf8 25. Rxb7 Rab8 26. Rxa7 Rxb2 27. d7 Rd2 28. d8=Q Bxd8 29. Bxf7 Kh8 30. h3 Bh4 31. Kg1 Bg3 32. Ra6 Bf2+ 33. Rxf2 Rxf2 34. Kxf2 Rxf7+ 35. Ke3 Kg7 36. a4 Rd7 37. a5 c4 38. Rc6 Rd3+ 39. Ke4 Ra3 40. a6 c3 41. Kd5 h5 42. h4 Kf7 43. Kc4 c2 44. Kb5 Ra2 45. Kb6 1/2-1/2

[Event "Soviet Union"]
[Site "Soviet Union"]
[Date "1976.??.??"]
[Round "?"]
[White "Yuferov, Sergey N"]
[Black "Kapengut, Albert Z"]
[Result "1/2-1/2"]
[WhiteElo "2430"]
[BlackElo "2465"]
[PlyCount "111"]
[EventDate "1976.??.??"]
[Source "www.chesslib.no"]
[SourceDate "2004.05.04"]

1. d4 Nf6 2. c4 c5 3. d5 e6 4. Nc3 exd5 5. cxd5 d6 6. e4 g6 7. f4 Bg7 8. e5 Nfd7 9. Ne4 dxe5 10. Nd6+ Ke7 11. Nxc8+ Qxc8 12. Nf3 Re8 13. fxe5 Nxe5 14. Bb5 Nbd7 15. Nxe5 Kf8 16. O-O Rxe5 17. Bf4 c4 18. Bxd7 Qc5+ 19. Kh1 Rxd5 20. Qg4 f5 21. Qh3 Rxd7 22. Qxh7 Kf7 23. Rad1 Rad8 24. Rxd7+ Rxd7 25. h4 Qe7 26. Bg5 Qe2 27. Rf3 Qe5 28. Rf1 Qe2 29. Rf3 Rd1+ 30. Kh2 Qe5+ 31. Bf4 Qe1 32. Kh3 Qe7 33. Re3 Qc5 34. Kh2 Qd4 35. Be5 Qxe3 36. Qxg7+ Ke6 37. Qf6+ Kd5 38. Qd6+ Ke4 39. Qxd1 Kxe5 40. Qd7 Qb6 41. Qg7+ Ke4 42. Kh1 Qb4 43. Qf6 Ke3 44. Kh2 b5 45. Qxg6 Qxb2 46. Qxf5 Qd4 47. h5 c3 48. Qg5+ Kf2 49. h6 Qd6+ 50. Kh3 Qd3+ 51. Kh2 c2 52. Qh4+ Kf1 53. h7 c1=Q 54. Qf6+ Ke2 55. Qe5+ Kf2 56. Qf6+ 1/2-1/2

[Event "Dnepropetrovsk (Ukraine)"]
[Site "?"]
[Date "2004.02.??"]
[Round "7"]
[White "Nazarevich Vitaly"]
[Black "Oleksienko Michailo"]
[Result "1/2-1/2"]
[WhiteElo "2347"]
[BlackElo "2454"]
[PlyCount "80"]
[EventDate "2004.??.??"]
[Source "www.chesslib.no"]
[SourceDate "2004.05.04"]

1. d4 Nf6 2. c4 c5 3. d5 e6 4. Nc3 exd5 5. cxd5 d6 6. e4 g6 7. f4 Bg7 8. e5 dxe5 9. fxe5 Nfd7 10. e6 fxe6 11. dxe6 Qe7 12. Nd5 Qxe6+ 13. Qe2 Qxe2+ 14. Bxe2 O-O 15. Nc7 Nc6 16. Nxa8 Nb4 17. Nf3 Nc2+ 18. Kd1 Nxa1 19. Re1 Nb6 20. Nxb6 axb6 21. Bc4+ Kh8 22. Ne5 Bxe5 23. Rxe5 Bg4+ 24. Be2 Rf1+ 25. Kd2 Bxe2 26. Rxe2 c4 27. Re1 Rxe1 28. Kxe1 Nc2+ 29. Kd2 Nb4 30. b3 b5 31. Bb2+ Kg8 32. bxc4 bxc4 33. Kc3 Nd3 34. a4 Kf7 35. Ba3 Ne1 36. Kxc4 Ke6 37. Kb5 Kd7 38. Kb6 Kc8 39. g4 Nf3 40. Bd6 h5 1/2-1/2

[Event "France (championnat N2)"]
[Site "?"]
[Date "2004.01.17"]
[Round "5"]
[White "Istratescu Andrei"]
[Black "Castaignet Laurent"]
[Result "1-0"]
[WhiteElo "2590"]
[BlackElo "2176"]
[PlyCount "45"]
[EventDate "2004.??.??"]
[Source "www.chesslib.no"]
[SourceDate "2004.05.04"]

1. d4 Nf6 2. c4 c5 3. d5 e6 4. Nc3 exd5 5. cxd5 d6 6. e4 g6 7. f4 Bg7 8. e5 Nfd7 9. Nb5 dxe5 10. Nd6+ Ke7 11. Nxc8+ Qxc8 12. Nf3 Re8 13. fxe5 Kf8 14. e6 fxe6 15. dxe6 Rxe6+ 16. Be2 c4 17. Ng5 Re5 18. Bf4 Rxg5 19. Qd6+ Kg8 20. Bxg5 c3 21. Rc1 Nc6 22. bxc3 h6 23. Bxh6 1-0

[Event "Corr"]
[Site "?"]
[Date "2002.01.15"]
[Round "?"]
[White "Fredriksen Arild"]
[Black "Maiorov Oleg Ivanovich"]
[Result "1/2-1/2"]
[WhiteElo "2300"]
[BlackElo "2458"]
[PlyCount "41"]
[EventDate "2002.??.??"]
[Source "www.chesslib.no"]
[SourceDate "2004.05.04"]

1. d4 Nf6 2. c4 c5 3. d5 e6 4. Nc3 exd5 5. cxd5 d6 6. e4 g6 7. f4 Bg7 8. e5 dxe5 9. fxe5 Nfd7 10. e6 fxe6 11. dxe6 Qh4+ 12. g3 Qe7 13. Bh3 Nf6 14. Qb3 Nc6 15. Nf3 O-O 16. O-O Re8 17. Re1 h6 18. Qc2 g5 19. Qg6 Rf8 20. Ne5 Nd4 21. Be3 1/2-1/2

[Event "Corr"]
[Site "?"]
[Date "2002.01.15"]
[Round "?"]
[White "Maiorov Oleg Ivanovich"]
[Black "Fredriksen Arild"]
[Result "1/2-1/2"]
[WhiteElo "2458"]
[BlackElo "2300"]
[PlyCount "42"]
[EventDate "2002.??.??"]
[Source "www.chesslib.no"]
[SourceDate "2004.05.04"]

1. d4 Nf6 2. c4 c5 3. d5 e6 4. Nc3 exd5 5. cxd5 d6 6. e4 g6 7. f4 Bg7 8. e5 dxe5 9. fxe5 Nfd7 10. e6 fxe6 11. dxe6 Qe7 12. Nd5 Qxe6+ 13. Qe2 Qxe2+ 14. Bxe2 O-O 15. Nc7 Nc6 16. Nxa8 Nb4 17. Bd1 Ne5 18. Nf3 Ned3+ 19. Kf1 Nd5 20. Bb3 Be6 21. Bg5 Rxa8 1/2-1/2

[Event "CZE-ch"]
[Site "Lazne Bohdanec"]
[Date "1999.06.04"]
[Round "2"]
[White "Sobek, Jaroslav"]
[Black "Velicka, Petr"]
[Result "0-1"]
[WhiteElo "2299"]
[BlackElo "2449"]
[PlyCount "68"]
[EventDate "1999.06.??"]
[Source "ChessBase"]
[SourceDate "1999.07.10"]

1. d4 Nf6 2. c4 e6 3. Nc3 c5 4. d5 exd5 5. cxd5 d6 6. e4 g6 7. f4 Bg7 8. e5 dxe5 9. fxe5 Nfd7 10. e6 fxe6 11. dxe6 Qe7 12. Nd5 Qxe6+ 13. Qe2 Qxe2+ 14. Bxe2 O-O 15. Nc7 Nc6 16. Nxa8 Nb4 17. Nc7 Ne5 18. Nd5 Nc2+ 19. Kd1 Nxa1 20. Ne7+ Kh8 21. Nxc8 Rd8+ 22. Ke1 Nc2+ 23. Kf2 Rxc8 24. Nf3 Rf8 25. Rd1 b6 26. h3 Nd4 27. b3 Nexf3 28. Bxf3 Nxf3 29. gxf3 Bd4+ 30. Kg3 Kg8 31. b4 Rd8 32. Re1 cxb4 33. Re7 a5 34. Bg5 a4 0-1

[Event "Buenos Aires JM ITT1"]
[Site "Buenos Aires ARG"]
[Date "1995.??.??"]
[Round "?"]
[White "Celis, Gustavo"]
[Black "Giaccio, Alfredo Gustavo"]
[Result "1-0"]
[WhiteElo "2335"]
[BlackElo "2390"]
[PlyCount "67"]
[EventDate "1995.01.??"]
[Source "www.chesslib.no"]
[SourceDate "2004.05.04"]

1. d4 e6 2. c4 Nf6 3. Nc3 c5 4. d5 exd5 5. cxd5 d6 6. e4 g6 7. f4 Bg7 8. e5 Nfd7 9. Nb5 dxe5 10. Nd6+ Ke7 11. Nxc8+ Qxc8 12. Nf3 Re8 13. Bc4 Kf8 14. O-O e4 15. Ng5 Nb6 16. Bb5 Rd8 17. d6 Bd4+ 18. Kh1 f5 19. Qb3 c4 20. Qh3 h5 21. d7 Rxd7 22. Bxd7 Qxd7 23. Rd1 Kg8 24. Be3 Nc6 25. Bxd4 Nxd4 26. Qe3 Rd8 27. Rd2 c3 28. Qxc3 Qd6 29. Rad1 Qxf4 30. Nh3 Qg4 31. Nf2 Qf4 32. Rxd4 Rc8 33. Qb3+ Kg7 34. Nh3 1-0

[Event "Belgrade (17eme trophee)"]
[Site "?"]
[Date "2004.11.30"]
[Round "9"]
[White "Rajkovic Du"]
[Black "Spiric Igor"]
[Result "1/2-1/2"]
[WhiteElo "2430"]
[BlackElo "2293"]
[PlyCount "42"]
[EventDate "2004.??.??"]
[Source "www.chesslib.no"]
[SourceDate "2004.05.04"]

1. d4 Nf6 2. c4 c5 3. d5 e6 4. Nc3 exd5 5. cxd5 d6 6. e4 g6 7. f4 Bg7 8. e5 dxe5 9. fxe5 Nfd7 10. e6 fxe6 11. dxe6 Bxc3+ 12. bxc3 Qh4+ 13. g3 Qe4+ 14. Qe2 Qxe2+ 15. Nxe2 Nf8 16. Nf4 Nxe6 17. Bh3 O-O 18. Nd5 Nc6 19. Bh6 Ng7 20. Bxc8 Raxc8 21. O-O-O Rf2 1/2-1/2

[Event "DDR Ch 26th"]
[Site "Frankfurt/Oder"]
[Date "1977.??.??"]
[Round "1"]
[White "Baumbach, Friedrich"]
[Black "Espig, Thomas"]
[Result "1/2-1/2"]
[WhiteElo "2395"]
[BlackElo "2320"]
[PlyCount "48"]
[EventDate "1977.02.10"]
[Source "www.chesslib.no"]
[SourceDate "2004.05.04"]

1. d4 Nf6 2. c4 c5 3. d5 e6 4. Nc3 exd5 5. cxd5 d6 6. e4 g6 7. f4 Bg7 8. e5 Nfd7 9. Ne4 dxe5 10. Nd6+ Ke7 11. Nxc8+ Qxc8 12. Nf3 Re8 13. fxe5 Nxe5 14. Bb5 Nbd7 15. Nxe5 Bxe5 16. O-O Qc7 17. Qg4 f6 18. Bf4 Qd6 19. Rae1 Kd8 20. Bxe5 Nxe5 21. Qh4 Rf8 22. Qxh7 Rf7 23. Qh8+ Rf8 24. Qh7 Rf7 1/2-1/2

[Event "Corr"]
[Site "?"]
[Date "2002.01.15"]
[Round "?"]
[White "Maiorov Oleg Ivanovich"]
[Black "Marcotulli Giancarlo"]
[Result "0-1"]
[WhiteElo "2458"]
[BlackElo "2250"]
[PlyCount "50"]
[EventDate "2002.??.??"]
[Source "www.chesslib.no"]
[SourceDate "2004.05.04"]

1. d4 Nf6 2. c4 c5 3. d5 e6 4. Nc3 exd5 5. cxd5 d6 6. e4 g6 7. f4 Bg7 8. e5 Nfd7 9. Nb5 dxe5 10. Nd6+ Ke7 11. Nxc8+ Qxc8 12. d6+ Kf8 13. Nf3 Nc6 14. Be2 e4 15. Ng5 Nd4 16. Bc4 Nb6 17. Bxf7 h6 18. Bxg6 hxg5 19. fxg5 Be5 20. Bxe4 Rh4 21. Qd3 Kg7 22. b3 Qe6 23. Bxb7 Rb8 24. Ba6 Rxh2 25. Rg1 Rxg2 0-1

[Event "Corr"]
[Site "?"]
[Date "2002.01.15"]
[Round "?"]
[White "Marcotulli Giancarlo"]
[Black "Maiorov Oleg Ivanovich"]
[Result "0-1"]
[WhiteElo "2250"]
[BlackElo "2458"]
[PlyCount "62"]
[EventDate "2002.??.??"]
[Source "www.chesslib.no"]
[SourceDate "2004.05.04"]

1. d4 Nf6 2. c4 c5 3. d5 e6 4. Nc3 exd5 5. cxd5 d6 6. e4 g6 7. f4 Bg7 8. e5 Nfd7 9. Nb5 dxe5 10. Nd6+ Ke7 11. Nxc8+ Qxc8 12. Nf3 Re8 13. Bc4 Nb6 14. Bb5 Rd8 15. fxe5 Rxd5 16. Qb3 Kf8 17. Be3 Kg8 18. Rc1 Nc6 19. Bxc6 Qxc6 20. O-O Re8 21. Rf2 a5 22. Bf4 Nd7 23. Rcf1 c4 24. Qc2 Nc5 25. Bg3 Nd3 26. Re2 Nxe5 27. Bxe5 Bxe5 28. Rfe1 Re6 29. Re4 Bf6 30. Rxc4 Rxe1+ 31. Nxe1 Qb6+ 0-1

[Event "DDR Ch 26th"]
[Site "Frankfurt/Oder"]
[Date "1977.??.??"]
[Round "14"]
[White "Moehring, Guenther"]
[Black "Postler, Reinhard"]
[Result "1-0"]
[WhiteElo "2400"]
[BlackElo "2305"]
[PlyCount "91"]
[EventDate "1977.02.10"]
[Source "www.chesslib.no"]
[SourceDate "2004.05.04"]

1. d4 Nf6 2. c4 c5 3. d5 e6 4. Nc3 exd5 5. cxd5 d6 6. e4 g6 7. f4 Bg7 8. e5 Nfd7 9. Ne4 dxe5 10. Nd6+ Ke7 11. Nxc8+ Qxc8 12. Nf3 e4 13. Ng5 h6 14. Nxe4 Re8 15. Be2 f5 16. Nc3 a6 17. O-O Bd4+ 18. Kh1 Nf6 19. Bf3 Kf8 20. Ne2 Be3 21. Bxe3 Rxe3 22. Nd4 Nbd7 23. Ne6+ Kf7 24. Qd2 Re4 25. Rac1 b6 26. Bxe4 Nxe4 27. Qe1 Ndf6 28. Nd4 Qd7 29. Nf3 Qxd5 30. b3 Rd8 31. Qe2 b5 32. Kg1 c4 33. bxc4 Qc5+ 34. Kh1 Ng4 35. Ne5+ Nxe5 36. fxe5 Qxe5 37. Qe3 Rd2 38. Qa7+ Kf6 39. cxb5 axb5 40. Rc6+ Nd6 41. Qa3 Qd5 42. Qc3+ Ke6 43. Rg1 f4 44. Qh3+ Ke5 45. Re1+ Kf6 46. Qc3+ 1-0

[Event "Ostende Team Ch EWG"]
[Site "Ostende"]
[Date "1975.09.26"]
[Round "8.4"]
[White "Brondum, Eric"]
[Black "Nunn, John D M"]
[Result "1/2-1/2"]
[WhiteElo "2315"]
[BlackElo "2375"]
[PlyCount "59"]
[EventDate "1975.??.??"]
[Source "www.chesslib.no"]
[SourceDate "2004.05.04"]

1. d4 Nf6 2. c4 c5 3. d5 e6 4. Nc3 exd5 5. cxd5 d6 6. e4 g6 7. f4 Bg7 8. e5 Nfd7 9. Ne4 dxe5 10. Nd6+ Ke7 11. Nxc8+ Qxc8 12. Nf3 Re8 13. fxe5 Nxe5 14. Bb5 Nbd7 15. O-O Kf8 16. Nxe5 Rxe5 17. Bf4 a6 18. Be2 Re8 19. d6 b5 20. a4 c4 21. Bf3 Qc5+ 22. Kh1 Rad8 23. axb5 axb5 24. b4 Qd4 25. Qxd4 Bxd4 26. Bh6+ Kg8 27. Rad1 Be3 28. Bxe3 Rxe3 29. Bc6 Re6 30. Bxb5 1/2-1/2

[Event "Bundesliga 2003-4"]
[Site "Plauen"]
[Date "2004.03.27"]
[Round "12"]
[White "Nguyen Chi Minh"]
[Black "Sandner, Gunter"]
[Result "1-0"]
[WhiteElo "2375"]
[BlackElo "2311"]
[PlyCount "59"]
[EventDate "2004.01.01"]
[Source "Roberto Alvarez"]
[SourceDate "2004.03.29"]

1. d4 Nf6 2. c4 e6 3. Nc3 c5 4. d5 exd5 5. cxd5 d6 6. e4 g6 7. f4 Bg7 8. e5 Nfd7 9. Nb5 dxe5 10. Nd6+ Ke7 11. Nxc8+ Qxc8 12. Nf3 Re8 13. Be2 e4 14. Ng5 Nf6 15. Qb3 Kf8 16. O-O h6 17. d6 Qd7 18. Bc4 Nc6 19. Nxf7 Na5 20. Ne5 Rxe5 21. fxe5 Nxb3 22. axb3 g5 23. Be3 b6 24. Rad1 Re8 25. exf6 Bh8 26. b4 b5 27. Bd5 cxb4 28. Rc1 Rc8 29. Rxc8+ Qxc8 30. d7 1-0

[Event "Zemun"]
[Site "?"]
[Date "1980.06.08"]
[Round "7"]
[White "Koraksic Ljubomir"]
[Black "Sahovic Dragutin"]
[Result "1/2-1/2"]
[WhiteElo "2200"]
[BlackElo "2485"]
[PlyCount "86"]
[EventDate "1980.??.??"]
[Source "www.chesslib.no"]
[SourceDate "2004.05.04"]

1. d4 Nf6 2. c4 c5 3. d5 e6 4. Nc3 exd5 5. cxd5 d6 6. e4 g6 7. f4 Bg7 8. e5 dxe5 9. fxe5 Nfd7 10. e6 fxe6 11. dxe6 Nf6 12. Qxd8+ Kxd8 13. Bg5 Bxe6 14. Ne4 Nbd7 15. O-O-O Ke7 16. Bb5 Ne5 17. Re1 c4 18. Nxf6 Nd3+ 19. Kd2 Bxf6 20. Bxf6+ Kxf6 21. Rxe6+ Kxe6 22. Bxc4+ Kf6 23. Bxd3 Rad8 24. Ne2 Rd7 25. Rf1+ Kg7 26. Nf4 Re8 27. Rf3 a6 28. h4 Re5 29. h5 gxh5 30. Rh3 Kh6 31. g4 Kg5 32. Nxh5 Kxg4 33. Nf6+ Kxh3 34. Nxd7 Ra5 35. Bxh7 Rxa2 36. Kc3 Kg4 37. Nc5 b6 38. Nb3 Kf4 39. Bd3 b5 40. Nc5 Ke5 41. Bg6 Kd6 42. Nd3 Ra1 43. Be4 Rg1 1/2-1/2

[Event "Regional ch-PER, Lima PER"]
[Site "Lima"]
[Date "1999.07.18"]
[Round "2"]
[White "Ardeleanu, Alin"]
[Black "Werner Veronika (GER)"]
[Result "1-0"]
[WhiteElo "2483"]
[BlackElo "2199"]
[PlyCount "49"]
[EventDate "1999.??.??"]
[Source "www.chesslib.no"]
[SourceDate "2004.05.04"]

1. d4 Nf6 2. c4 c5 3. d5 e6 4. Nc3 exd5 5. cxd5 d6 6. e4 g6 7. f4 Bg7 8. e5 dxe5 9. fxe5 Nh5 10. Nf3 O-O 11. Be2 Bg4 12. Bg5 Qe8 13. e6 fxe6 14. O-O Rf5 15. Qd2 Bxc3 16. bxc3 exd5 17. h3 Ng3 18. hxg4 Nxe2+ 19. Kf2 Rxf3+ 20. gxf3 Qe5 21. f4 Nxc3 22. fxe5 Ne4+ 23. Ke2 Nxd2 24. Kxd2 Nc6 25. Rae1 1-0

[Event "Peterhof RUS"]
[Site "?"]
[Date "2006.01.04"]
[Round "2"]
[White "Drugov Pavel"]
[Black "Bets Anatolij"]
[Result "1/2-1/2"]
[WhiteElo "2318"]
[BlackElo "2362"]
[PlyCount "20"]
[EventDate "2006.??.??"]
[Source "www.chesslib.no"]
[SourceDate "2004.05.04"]

1. d4 Nf6 2. c4 c5 3. d5 e6 4. Nc3 exd5 5. cxd5 d6 6. e4 g6 7. f4 Bg7 8. e5 dxe5 9. fxe5 Nfd7 10. e6 Qh4+ 1/2-1/2

[Event "Satu Mare"]
[Site "?"]
[Date "1987.??.??"]
[Round "?"]
[White "Meszaros, A."]
[Black "Stefanov, P."]
[Result "0-1"]
[WhiteElo "2340"]
[BlackElo "2330"]
[PlyCount "96"]
[EventDate "1987.??.??"]
[Source "ChessBase"]
[SourceDate "1987.07.01"]

1. d4 Nf6 2. c4 c5 3. d5 e6 4. Nc3 exd5 5. cxd5 d6 6. e4 g6 7. f4 Bg7 8. e5 Nfd7 9. Nb5 dxe5 10. Nd6+ Ke7 11. Nxc8+ Qxc8 12. Nf3 Re8 13. Bc4 Kf8 14. O-O e4 15. Ng5 Nb6 16. Bb5 Rd8 17. Nxh7+ Kg8 18. Ng5 c4 19. Qe1 Qc5+ 20. Be3 Qxb5 21. f5 Rxd5 22. fxg6 Rxg5 23. gxf7+ Kf8 24. a4 Qa5 25. Qh4 Rf5 26. Qh7 Rxf1+ 27. Rxf1 N8d7 28. Qg8+ Ke7 29. Qxg7 Rf8 30. Rd1 Qh5 31. Qd4 Kxf7 32. Qd6 Kg8 33. a5 Rf6 34. Qd2 c3 35. bxc3 Nc4 36. Qxd7 Nxe3 37. Re1 Qc5 38. Kh1 Qxc3 39. Rb1 Qe5 40. Qc8+ Rf8 41. Qxb7 Ng4 42. Qb3+ Rf7 43. g3 e3 44. Qb8+ Qxb8 45. Rxb8+ Kg7 46. Re8 Rf2 47. Re4 e2 48. Rxg4+ Kf6 0-1

[Event "HUN Team Ch"]
[Site "HUN"]
[Date "1993.??.??"]
[Round "?"]
[White "Mester, Gyula"]
[Black "Szalanczy, Emil"]
[Result "1/2-1/2"]
[WhiteElo "2290"]
[BlackElo "2365"]
[PlyCount "106"]
[EventDate "1993.??.??"]
[Source "www.chesslib.no"]
[SourceDate "2004.05.04"]

1. d4 Nf6 2. c4 c5 3. d5 e6 4. Nc3 exd5 5. cxd5 d6 6. e4 g6 7. f4 Bg7 8. e5 Nfd7 9. Nb5 dxe5 10. Nd6+ Ke7 11. Nxc8+ Qxc8 12. Nf3 c4 13. fxe5 Nxe5 14. Bg5+ Kd6 15. Nxe5 Bxe5 16. Qa4 Nd7 17. Bxc4 Qc5 18. Rc1 Bxb2 19. Bf4+ Ne5 20. Rc2 Rac8 21. Qb3 Bd4 22. Kd1 g5 23. Bg3 Qb6 24. Qa3+ Qc5 25. Qf3 Ke7 26. Re1 f6 27. Qf5 Qd6 28. Re4 b5 29. Rxd4 Rxc4 30. Rcxc4 bxc4 31. Bxe5 fxe5 32. Qxg5+ Qf6 33. Qxf6+ Kxf6 34. Rxc4 Rd8 35. Rc5 Kf5 36. Ra5 Rd7 37. Kd2 Ke4 38. Ke2 h5 39. a3 Rg7 40. g3 Rb7 41. d6 Rb2+ 42. Kd1 Rb6 43. Rxa7 Rxd6+ 44. Ke2 Rb6 45. Ra4+ Kf5 46. Rb4 Rc6 47. Kd3 Rd6+ 48. Kc3 e4 49. Rd4 Rc6+ 50. Kd2 Ke5 51. Rb4 Rd6+ 52. Ke2 Rd3 53. Rb5+ Kd4 1/2-1/2

[Event "Young Masters 6th"]
[Site "Loures"]
[Date "1998.12.09"]
[Round "8"]
[White "Reis, Luis Sousa"]
[Black "Kovacevic, Slobodan"]
[Result "0-1"]
[WhiteElo "2225"]
[BlackElo "2420"]
[PlyCount "84"]
[EventDate "1998.12.07"]
[Source "ChessBase"]
[SourceDate "1999.01.01"]

1. d4 Nf6 2. c4 e6 3. Nc3 c5 4. d5 exd5 5. cxd5 d6 6. e4 g6 7. f4 Bg7 8. e5 Nfd7 9. Ne4 dxe5 10. Nd6+ Ke7 11. Nxc8+ Qxc8 12. Nf3 Re8 13. fxe5 Nxe5 14. Bb5 Nbd7 15. Nxe5 Kf8 16. O-O Rxe5 17. d6 c4 18. Bxd7 Qxd7 19. Qd4 Qe6 20. Bf4 Re4 21. Qd2 Re2 22. Qa5 Qe4 23. Rf3 b6 24. Qg5 h6 25. Qg3 g5 26. Raf1 gxf4 27. Rxf4 Qe3+ 28. Qxe3 Rxe3 29. Rxc4 Re6 30. Rc7 Bd4+ 31. Kh1 Rf6 32. Rxf6 Bxf6 33. d7 Rd8 34. Rxa7 Bxb2 35. g3 Ke7 36. Ra6 Bd4 37. a4 f6 38. Kg2 Rxd7 39. Kf3 Rd5 40. Ke4 Ke6 41. g4 Bg1 42. Ra8 Ra5 0-1

[Event "Corr"]
[Site "?"]
[Date "2002.01.15"]
[Round "?"]
[White "Maiorov Oleg Ivanovich"]
[Black "Aberbach Angel Sergio"]
[Result "1/2-1/2"]
[WhiteElo "2458"]
[BlackElo "2186"]
[PlyCount "68"]
[EventDate "2002.??.??"]
[Source "www.chesslib.no"]
[SourceDate "2004.05.04"]

1. d4 Nf6 2. c4 c5 3. d5 e6 4. Nc3 exd5 5. cxd5 d6 6. e4 g6 7. f4 Bg7 8. e5 Nfd7 9. Nb5 dxe5 10. Nd6+ Ke7 11. Nxc8+ Qxc8 12. Nf3 Re8 13. fxe5 Nxe5 14. Bb5 Nbd7 15. Nxe5 Kf8 16. O-O Rxe5 17. Bf4 c4 18. Bxe5 Qc5+ 19. Kh1 Nxe5 20. Ba4 Kg8 21. Qe2 Qxd5 22. Bc2 f5 23. b3 b5 24. Rad1 Qc6 25. Rfe1 Re8 26. bxc4 bxc4 27. Qe3 Qb6 28. Rd7 Qxe3 29. Rxe3 a6 30. Rd6 Ra8 31. g3 Kf7 32. Ra3 a5 33. Rd5 Ng4 34. Rdxa5 Re8 1/2-1/2

[Event "Corr"]
[Site "?"]
[Date "2002.01.15"]
[Round "?"]
[White "Aberbach Angel Sergio"]
[Black "Maiorov Oleg Ivanovich"]
[Result "1-0"]
[WhiteElo "2186"]
[BlackElo "2458"]
[PlyCount "51"]
[EventDate "2002.??.??"]
[Source "www.chesslib.no"]
[SourceDate "2004.05.04"]

1. d4 Nf6 2. c4 c5 3. d5 e6 4. Nc3 exd5 5. cxd5 d6 6. e4 g6 7. f4 Bg7 8. e5 dxe5 9. fxe5 Nfd7 10. e6 fxe6 11. dxe6 Qh4+ 12. g3 Qe7 13. Bh3 Bxc3+ 14. bxc3 Nf8 15. Nf3 Nxe6 16. O-O Nc6 17. Bh6 Bd7 18. Bxe6 Bxe6 19. Re1 Rd8 20. Qe2 Rd6 21. Ng5 Nd8 22. Qe5 Rg8 23. Ne4 Rd3 24. Nf6+ Kf7 25. Nxg8 Kxg8 26. Bg5 1-0

[Event "CRO Team Ch"]
[Site "Makarska"]
[Date "1994.??.??"]
[Round "5"]
[White "Bozinovic, Bogdan"]
[Black "Sindik, Ervin"]
[Result "1-0"]
[WhiteElo "2255"]
[BlackElo "2340"]
[PlyCount "63"]
[EventDate "1994.??.??"]
[Source "www.chesslib.no"]
[SourceDate "2004.05.04"]

1. d4 Nf6 2. c4 e6 3. Nc3 c5 4. d5 exd5 5. cxd5 g6 6. e4 d6 7. f4 Bg7 8. e5 Nfd7 9. Ne4 dxe5 10. Nd6+ Kf8 11. Nf3 h6 12. Be2 Na6 13. O-O e4 14. Ne5 Bxe5 15. fxe5 Nxe5 16. Nxe4 Kg7 17. Bf4 Re8 18. Qd2 g5 19. Nxg5 hxg5 20. Bxg5 Qd6 21. Bf6+ Qxf6 22. Rxf6 Kxf6 23. Qf4+ Kg7 24. Rf1 Bd7 25. Qf6+ Kg8 26. Rf4 Nb4 27. Bh5 Rf8 28. Rh4 Rfe8 29. Rf4 Rf8 30. Qxe5 Rac8 31. Qg5+ Kh7 32. Be2 1-0

[Event "II Open ROMGAZ"]
[Site "Bucarest ROM"]
[Date "2008.09.17"]
[Round "7"]
[White "Economescu, V."]
[Black "Valeanu, E."]
[Result "0-1"]
[WhiteElo "2130"]
[BlackElo "2440"]
[PlyCount "62"]
[EventDate "2008.09.11"]
[Source "www.chesslib.no"]
[SourceDate "2004.05.04"]

1. d4 Nf6 2. c4 c5 3. d5 e6 4. Nc3 exd5 5. cxd5 d6 6. e4 g6 7. f4 Bg7 8. e5 Nfd7 9. Nb5 dxe5 10. Nd6+ Kf8 11. Nf3 h6 12. Be2 f5 13. g3 Bf6 14. Nc4 e4 15. Nfe5 Kg7 16. d6 Nc6 17. Nxc6 bxc6 18. Be3 Ba6 19. b3 Bxc4 20. bxc4 Bxa1 21. Qxa1+ Qf6 22. Qd1 Rhe8 23. Kf2 Re6 24. Qa4 Rxd6 25. Rb1 a5 26. Rb7 Kg8 27. Rc7 Ra6 28. Rc8+ Kf7 29. Qb3 Rb6 30. Qa3 Qa1 31. Qxa5 Rb2 0-1

[Event "Corr"]
[Site "?"]
[Date "2001.08.19"]
[Round "?"]
[White "Marcotulli Giancarlo"]
[Black "De Wachter Mathias"]
[Result "1-0"]
[WhiteElo "2263"]
[BlackElo "2302"]
[PlyCount "91"]
[EventDate "2001.??.??"]
[Source "www.chesslib.no"]
[SourceDate "2004.05.04"]

1. d4 Nf6 2. c4 c5 3. d5 e6 4. Nc3 exd5 5. cxd5 d6 6. e4 g6 7. f4 Bg7 8. e5 Nfd7 9. Nb5 dxe5 10. Nd6+ Ke7 11. Nxc8+ Qxc8 12. Nf3 e4 13. Ng5 Nb6 14. Be3 Rd8 15. Qc2 Kf8 16. Rd1 Kg8 17. d6 h6 18. Nxe4 Re8 19. Bb5 Nc6 20. d7 Nxd7 21. O-O Qc7 22. f5 g5 23. f6 Rxe4 24. Qxe4 Nxf6 25. Qf5 Re8 26. Bf2 Re5 27. Qf3 Ne4 28. Bxc6 Qxc6 29. Rd8+ Bf8 30. b3 Qe6 31. Be1 Rd5 32. Ra8 a6 33. Ba5 f5 34. g4 f4 35. Re1 Re5 36. Kg2 Nd6 37. Rxe5 Qxe5 38. Bc3 Qe6 39. Bb2 Kf7 40. Kf1 h5 41. Qd3 Kg8 42. Qc3 Kf7 43. Qh8 Qh6 44. Rxf8+ Qxf8 45. Qxh5+ Ke6 46. Qxg5 1-0